00372nam a2200133Ia 4500008004100000041001200041082001600053100001800069245008000087260003100167300000800198650001600206700001600222221030s9999 xx 000 0 und d aEnglish a105.23bGod aJ. S. Chitode 0aMicroprocessor.& Microcontrollers Techniquescby J. S. Chitode, D. A. Godse bTechnical Pub.aPunec2001 a650 aBE Computer aD. A. Godse